000 00295nam a22001337a 4500
008 190205b xxu||||| |||| 00| 0 eng d
041 _aeng
080 _a371
082 _a371
100 _a25
101 _aEDU
245 _aThe care and feeding of ideas
_cAdams L.James
942 _2udc
_cBK
999 _c53979
_d53979